| 000 | 00954nam a2200265 a 4500 | ||
|---|---|---|---|
| 001 | 000013507 | ||
| 003 | DO-SdBNP | ||
| 005 | 20240530073932.0 | ||
| 008 | 091125s1998 dr ac 001 m spa d | ||
| 040 |
_aDO-SdBNP _bspa _cBNPHU |
||
| 049 | _aBNPD | ||
| 082 | 4 |
_aRD864.44 _bC334p _222 |
|
| 100 | 1 |
_aCasado, Pascual _930843 |
|
| 245 | 1 | 0 |
_aSan José de Ocoa : _bpaisajes... y algo más / _cPascual Casado ; prólogo Víctor Martínez. |
| 260 |
_aSanto Domingo : _bNomara, _c1998. |
||
| 300 |
_a104 p. : _bil., retrs. ; _c22 cm. |
||
| 650 | 4 |
_aCiudades y pueblos _zRepública Dominicana _930844 _vEnsayos, conferencias, etc. |
|
| 650 | 0 |
_aEnsayos dominicanos _965 |
|
| 650 | 0 |
_aPoesía dominicana _966 |
|
| 650 | 0 |
_aLiteratura dominicana. _967 |
|
| 651 | 4 |
_aSan José de Ocoa (República Dominicana) _930845 _vEnsayos, conferencias, etc. |
|
| 700 | 1 |
_aMartínez, Víctor, _epról. _930846 |
|
| 910 | _aValidado. Control de calidad EMS | ||
| 942 |
_2ddc _cLBS1 |
||
| 999 |
_c13131 _d13131 |
||